01182 2200421 4500001002100000005001700021008004100038020002200079035002400101040001200125082001600137084002100153090001800174100002200192245013300214250001100347260002600358300003200384500001100416650003900427700002400466700001600490850001200506990001800518990001800536990001800554990001700572990001700589990001700606990001700623990001700640990001700657990001700674990001700691990001700708990001700725990001800742INLIS00000000000503120170420102857.0  a978-602-1637-15-9 0010-051500000000164 aYOPDYOG 223a615.854 aPK 615.854 Nag M b615.854 Nag M aNAGUMO, Yoshinori aMakan sekali seharib: Membuat 20 tahun lebih mudac/ Yoshinor; Nagumo; Penerjemah, Dian Kusuma Wardani; Penyunting, Ahmad Husni aCet. 1 aBandungbQanitac2014 a184 hlm.b: ilus.c; 19 cm. aIndeks aMakanan -- Penggunaan dalam terapi aDIAN Kusuma Wardani aAHMAD Husni aYOPDYOG a13101-PD/B.15 a13102-PD/B.15 a13103-PD/B.15 a9369-KS/B.16 a9370-KS/B.16 a9371-KS/B.16 a9372-KS/B.16 a9373-KS/B.16 a9374-KS/B.16 a9375-KS/B.16 a9376-KS/B.16 a9377-KS/B.16 a9378-KS/B.16 a53917-PD/A.17